| 000 | 00701nam a2200217Ia 4500 | ||
|---|---|---|---|
| 001 | 7145 | ||
| 003 | GE_BSU | ||
| 008 | 181216s||||||||xx |||||||||||||| ||und|| | ||
| 040 | _cGE_BSU | ||
| 080 | _a744(075.32) | ||
| 100 | _aБоголюбов,С.К. | ||
| 245 | _aЗадания по курсу черчения(В двух книгах). Книга первая: Основы черчения и начертательной геометрий. | ||
| 245 | _bУчебное пособие. | ||
| 245 | _cред. Т.М.Минаева. | ||
| 260 | _aМ. | ||
| 260 | _bВысш. школа. | ||
| 260 | _c1978. | ||
| 300 | _a168стр. с илл. 27см. | ||
| 653 | _a744(075.32) | ||
| 942 | _cBK | ||
| 999 |
_c40534 _d40534 |
||